| 000 | 00729nam a22002415a 4500 | ||
|---|---|---|---|
| 003 | OSt | ||
| 005 | 20170622095634.0 | ||
| 008 | 170621s2014 ua gr 000 f ara d | ||
| 017 | _a2012 / 21547 | ||
| 020 | _a9789770930977 | ||
| 040 |
_aEG-ScBUE _bara _cEG-ScBUE |
||
| 082 | 0 | 4 |
_a892.737 _bق ن د _222 |
| 100 | 1 |
_aقنديل، محمد المنسي. _928133 |
|
| 245 | 1 | 0 |
_aأنا عشقت : _bرواية / _cمحمد المنسي قنديل. |
| 250 | _aط. 5. | ||
| 260 |
_aالقاهرة : _bدار الشروق، _c2014. |
||
| 300 |
_a436 ص. ؛ _c24 سم. |
||
| 590 | _aدعاء | ||
| 650 | 7 |
_aالقصص العربية _zمصر _yقرن 21. _2BUEsh _934544 |
|
| 651 | _2BUEsh | ||
| 653 |
_bGGEN _cJune2017 |
||
| 942 | _2ddc | ||
| 999 |
_c24937 _d24909 |
||